000
00223 a2200097 4500
001
24828
100
_a
Kummeiely
245
_a
Egypt: the land between sand and Nile
260
_a
_b
McNally Co
_c
1962
090
_c
16778
_d
16778
942
_a
NUST-CAE
_c
M
_c
7533
999
_c
259901
_d
259901